000 00406cam a2200157ua 4500
041 _aeng
_h
082 _a544
_bWIL/SE
100 _aWilson, J G .
245 _aSemi-micro qualitative analysis for schools /
_cJ G Wilson.
_hTextual Documents
250 _a1 /
_b.
260 _aCambridge :
_bCambridge University Press ,
_c1965.
300 _a60 ; .
504 _a
942 _cBK
999 _c8569
_d8569